MCU Phase 1 Character Runtime Quiz - Statistics

General Stats
  • This quiz has been taken 96 times
  • The average score is 36 of 60
Answer Stats
Hint Iron Man % Correct
43:15 Thor
100%
18:00 Thor
100%
77:15 Tony Stark
100%
30s Tony Stark
100%
61:15 Tony Stark
100%
31:45 Tony Stark
100%
9:15 Natasha Romanoff
99%
24:45 Natasha Romanoff
99%
56:30 Steve Rogers/Captain America
99%
28:15 Steve Rogers/Captain America
99%
51:45 Bruce Banner/Hulk
97%
21:45 Bruce Banner/Hulk
97%
21:15 Loki
97%
21:30 Loki
97%
23:15 Pepper Potts
94%
17:30 Pepper Potts
94%
5:30 Nick Fury
93%
18:15 Nick Fury
93%
11:15 Odin
90%
12:45 Clint Barton/Hawkeye
84%
21 Jane Foster
78%
17:15 Peggy Carter
77%
15:30 Red Skull
75%
8:15 Rhodey
72%
18:45 Rhodey
72%
8 Bucky Barnes
70%
22 Obadiah Stane/Iron Monger
70%
20:45 Ivan Vanko/Whiplash
68%
2:00 Howard Stark
59%
4 Howard Stark
59%
18:30 Emil Blonsky/Abomination
58%
1:15 Happy Hogan
58%
4:15 Happy Hogan
58%
3:45 Phil Coulson
58%
9:00 Phil Coulson
58%
27 Betty Ross
57%
5:30 Maria Hill
57%
15 Thaddeus Ross
55%
16:30 Justin Hammer
52%
13:45 Erik Selvig
48%
8:15 Arnim Zola
43%
8:15 Sif
43%
8:30 Darcy Lewis
36%
7 Fandral
26%
7 Volstagg
26%
6:30 Hogun
25%
10:45 Yinsen/Ho Yinsen
23%
9:15 Chester Phillips
19%
7:30 Samuel Sterns
19%
8:30 Abraham Erskine
16%
6 Raza
16%
2:15 Senator Stern
16%
3:45 Christine Everhart
14%
1:45 Timothy Dugan
12%
3:24 Leonard Samson
9%
2:15 Heinz Kruger
7%
1:45 Abu Bakaar
6%
3:16 Stanley
4%
2:15 Kathleen Sparr
3%
15s Roger Harrington
1%
No matching quizzes found
Score Distribution
Percent of People with Each Score
Percentile by Number Answered
Your Score History
You have not taken this quiz